|
|
|
|
| LEADER |
00000nam a22000007a 4500 |
| 005 |
20170912000035.0 |
| 007 |
cr|||| |||| |
| 008 |
170912s2017 mx |||||s|||| 00||0 spa d |
| 020 |
|
|
|a 978-607-406-896-2
|
| 035 |
|
|
|a 20585
|
| 040 |
|
|
|a vLex
|
| 090 |
|
|
|c 6958
|d 6958
|
| 100 |
1 |
|
|a Nę︢z Hernǹdez, Marco Antonio
|
| 245 |
1 |
0 |
|a Clasificacin̤ arancelara̕ de las mercanca̕s
|h [Recurso electrn̤ico] :
|b Casos prc̀ticos 2017 /
|c Marco Antonio Nę︢z Hernǹdez
|
| 256 |
|
|
|a Servicio en ln̕ea
|
| 260 |
|
|
|a Mx̌ico DF:
|b Ediciones Fiscales ISEF,
|c 2017
|
| 300 |
|
|
|a 1 recurso electrn̤ico
|
| 500 |
|
|
|a CLASIFICACIÓN ARANCELARIA DE LAS MERCANCÍAS Casos Prc̀ticos, es una obra pensando en usted, pues el autor, Perito Tercero en Discordia del Tribunal Federal de Justicia Fiscal y Administrativa, gua̕ al clasificador de una manera sencilla, clara y amena, para dar una solucin̤ a todos los retos que conlleva el identificar la fraccin̤ arancelaria correspondiente a cada mercanca̕.
|
| 506 |
1 |
|
|a Disponible solo en los productos indicados
|d vLex Global
|d vLex Global (Academic Edition, excluding Law Schools)
|d vLex Global (U.S. Academic Edition, Law Schools)
|d vLex Global (U.S. Academic Edition, excluding Law Schools)
|d vLex Global (Academic Edition, Law Schools)
|
| 650 |
0 |
4 |
|a Derecho Fiscal
|z Mx̌ico
|
| 740 |
0 |
|
|a vLex Libros (Servicio en ln̕ea)
|
| 856 |
4 |
0 |
|u http://vlex.com/source/clasificacion-arancelaria-de-las-mercancias-casos-practicos-2017-20585
|z Acceso restringido
|
| 942 |
|
|
|c BOOK
|
| 999 |
0 |
|
|a Tax Law
|